Devinez le film à partir d'une affiche - Statistiques

Statistiques générales
  • Ce quiz a été pris 854 fois
  • Le résultat moyen est 11 sur 16
Statistiques - réponses
Par images Réponse % Correct
Maman, j'ai raté l'avion
96%
Les indestructibles
94%
Avengers
93%
Pirates des Caraïbes
92%
Matrix
90%
Interstellar
88%
Vaiana
88%
Dune
87%
OSS 117
80%
Le voyage de Chihiro
67%
Hôtel Transylvanie
64%
La grande Vadrouille
60%
Pacific Rim
31%
Borderlands
25%
Donjons et Dragons
24%
Le Labyrinthe de Pan
21%
Aucun quiz correspondant
Distribution des résultats
% des personnes avec chaque résultat
Percentile par nombre de réponses
Votre historique - résultats
Vous n’avez pas pris ce quiz